| 000 | 00803nam a22002297a 4500 | ||
|---|---|---|---|
| 003 | BUBTL | ||
| 008 | 230327b ||||| |||| 00| 0 eng d | ||
| 020 | _a9781444332797 | ||
| 082 | _a404.2/ G913p/ 2013 | ||
| 100 |
_95263 _a Grosjean, François |
||
| 245 |
_aThe psycholinguistics of bilingualism / _cFrançois Grosjean, Ping Li |
||
| 250 | _a1st Edn | ||
| 260 |
_aUK: _bWiley-Blackwell A John Wiley & Sons. Ltd. Publication, _cc2013 |
||
| 300 |
_avi, 248 p. _c25 cm. |
||
| 500 | _aIncludes Index | ||
| 505 | _aThe psycholinguistics of bilingualism, psycholinguistics, bilingualism, François Grosjean, Ping Li, English Language, English | ||
| 650 | 0 |
_9194 _aEnglish Language |
|
| 700 |
_95264 _a Li, Ping |
||
| 856 |
_k0 _l0 _yDownload |
||
| 942 |
_2ddc _cBK |
||
| 999 |
_c7008 _d7008 |
||